000 00825nam a2200229 i 4500
001 24625
003 ES-MaACL
005 20251013191939.0
007 t|
008 021218s1968 sp ||||1| spa d
245 0 0 _aAntología lineal de la poesía argentina /
_cCésar Fernández Moreno y Horacio Jorge Becco.
260 _aMadrid :
_bGredos,
_c[1968]
300 _a384 p. ;
_c19 cm.
490 1 _aBiblioteca románica hispánica. VI, Antología hispánica ;
_v26
650 0 7 _aPoesía argentina-
_yS. XX
_2
_9154637
700 0 _aFernández Moreno, César,
_d1919-1985
_949941
700 1 _aBecco, Horacio Jorge,
_d1924-
_966953
830 0 _aBiblioteca románica hispánica. VI, Antología hispánica ;
_v26
_9180838
852 _aES-MaACL
_jC-34771
_bR.67523
942 _2udc
999 _c24625
_d24625